| 000 | 01143nam0a22002891 4500 | ||
|---|---|---|---|
| 001 | rc\2770625 | ||
| 005 | 20250806204337.0 | ||
| 035 | _a(NLR Aleph) 006897007 | ||
| 090 |
_a27149 _c27149 |
||
| 100 | _a20110915d1941 u y0rusy50 ca | ||
| 101 | 0 | _arus | |
| 102 | _aRU | ||
| 105 | _aa z ||||| | ||
| 200 | 1 |
_aАвтомобили ГАЗ-АА, М-1, ЗИС-5, ЯГ-6 и ЗИС-101 _fК. Шестопалов, Н. Д. Жижин, И. И. Коршун _gПод общей ред. инж. Г. П. Лызо |
|
| 210 |
_aМосква _aЛенинград _cИзд-во Наркомхоза РСФСР _d1941 _eМосква |
||
| 215 |
_a196 с. _cил., черт. _d23 см. |
||
| 700 | 1 |
_aШестопалов _bК.С. _gКонстантин Сергеевич |
|
| 701 | 1 |
_aКоршун _bИ.И. _gИлья Иванович |
|
| 701 | 1 |
_aЖижин _bН.Д. _gНиколай Дмитриевич |
|
| 702 | 1 |
_aЛызо _bГ.П. _4340 |
|
| 801 | 0 |
_aRU _bNLR _gpsbo |
|
| 801 | 1 |
_aRU _bELAR _2rusmarc |
|
| 852 |
_aNLR _jТ86 Г-5/27 |
||
| 942 | _cBOOK | ||
| 945 | _aРоссийская национальная библиотека | ||
| 980 | _aNB | ||
| 980 | _aBV | ||